000 00719nam a2200205Ia 4500
003 IN-BaIIA
008 211028s9999 xx 000 0 eng d
020 _a0-8247-1714-7
040 _cIIA Library
080 _a92:53
_bACA
245 0 _aAcademician andrei dmitrievich sakharov
_bcollected scientific works
_cedited by D. Ter Harr, D. V. Chudnovsky and G. V. Chudnovsky
260 _aNew York
_bMarcel Dekker
_c1982
300 _axvi, 303p.
650 _aA. D. Sakharov-Collected works
_913420
650 _aNASA Thesaurus
700 _aChudnovsky, D. V., ed.
_913421
700 _aChudnovsky, G. V., ed.
_913422
700 _aTer Harr, D., ed.
_913423
942 _cBK
999 _c7955
_d7955